000 nam a22 7a 4500
999 _c10012
_d10012
008 180209b ||||| |||| 00| 0 eng d
100 _aDickens, C
_96050
245 _aOliver Twist
260 _aLondon
_bladybird publication
_c1994